La mujer del sargento y otros relatos /

Salvato in:
Dettagli Bibliografici
Autore principale: Blanco Segura, Ricardo, 1932-
Natura: Sconosciuto
Lingua:Spanish
Pubblicazione: San José, Costa Rica : Editorial Costa Rica, 1978.
Soggetti:
Tags: Aggiungi Tag
Nessun Tag, puoi essere il primo ad aggiungerne!!

MARC

LEADER 000000000a22000000004500
001 002541
041 0 |a spa 
082 0 4 |a CR863.4   |b B638m 
100 1 |a Blanco Segura, Ricardo,   |d 1932- 
245 1 3 |a La mujer del sargento y otros relatos /   |c Ricardo Blanco Segura. 
260 1 |a San José, Costa Rica :   |b Editorial Costa Rica,   |c 1978. 
300 |a 143 páginas 
650 4 |a LITERATURA COSTARRICENSE 
650 4 |a CUENTOS 
999 |c 8934  |d 8934 
942 |c BK  |h CR863.4 B638m  |2 z